Noticias
| Autor Corporativo: | |
|---|---|
| Formato: | Seriadas |
| Lenguaje: | Spanish |
| Materias: |
MARC
| LEADER | 00000cas a2200000 a 4500 | ||
|---|---|---|---|
| 003 | Ucuenca | ||
| 005 | 20230308225125.0 | ||
| 008 | 005112|2005 ec |||||r|||||||||||spa|| | ||
| 040 | |b spa | ||
| 041 | a | |a spa | |
| 082 | 0 | |a 330.5 |b B192n | |
| 110 | 2 | |a Banco del Estado de Ecuador. |9 19163 | |
| 245 | 0 | |a Noticias |c Banco del Estado |h imp | |
| 264 | |a Quito |b Banco del Estado |c Julio-Agosto 2005 | ||
| 300 | |a 11 páginas: |b ilu |c 28 cm | ||
| 362 | |a no. 49 (Julio-Agosto 2005) | ||
| 650 | |a Revista noticias |9 203762 | ||
| 650 | |a Oriente ecuatoriano |9 13336 | ||
| 852 | |a UC-CDJBV | ||
| 942 | |c SER | ||
| 999 | |c 151505 |d 151505 | ||